Tous les cols du massif des Vosges au Tour de France - Statistiques

Statistiques générales
  • Ce quiz a été pris 12 fois
  • Le résultat moyen est 8 sur 27
Statistiques - réponses
Département / Altitude Nb d'ascension / Catégorie Col % Correct
Haut-Rhin et Vosges / 1139m 11 / 2eme Col de la Schlucht
82%
Haut-Rhin / 1353m 9 / 1ere Grand Ballon
82%
Haut-Rhin / 1163m 2 / 1ere Petit Ballon
82%
Vosges / 1174m 28 / 1ere Ballon d'Alsace
45%
Haut-Rhin et Vosges / 727m 1 / 3eme Col de Bussang
45%
Haut-Rhin / 1183m 5 / 1ere Le Markstein
45%
Haute-Saône / 1140m 6 / HC Planche des Belles Filles
45%
Haute Saône et Vosges / 1158m 1 / 2eme Ballon de Servance
36%
Haut-Rhin / 915m 1 / 2eme Col des Bagenelles
36%
Bas-Rhin / 727m 7 / 2eme Col du Donon
36%
Haut-Rhin / 884m 3 / 2eme Col d'Oderen
27%
Haut-Rhin / 1177m 2 / 1ere Col du Platzerwasel
27%
Haut-Rhin / 828m 1 / 2eme Col Amic
18%
Vosges / 944m 10 / 2eme Col de grosses Pierre
18%
Vosges / 891m 2 / 2eme Col de la Croix des Moinats
18%
Haute- Saône et Vosges / 679m 3 / 3eme Col des Croix
18%
Haut-Rhin / 1144m 3 / 2eme Col du Calvaire
18%
Haut-Rhin / 748m 4 / 2eme Col du Hundsruck
18%
Bas-Rhin / 554m 1 / 2eme Côte de Haut-Koenigsbourg
18%
Haut-Rhin / 659m 1 / 2eme Côte des Trois-Épis
18%
Haute- Saône / 914m 2 / 1ere Col des Chevrères
9%
Bas-Rhin / 722m 4 / 2eme Col du Firstplan
9%
Haut-Rhin / 1030m 1 / 1ere Struthof
9%
Haut-Rhin / 850m 1 / 2eme Col d'Adelspach
0%
Bas-Rhin / 1100m 2 / 1ere Col de Champ de Feu
0%
Haut-Rhin / 559m 1 / 2eme Col de Gueberschwihr
0%
Haut-Rhin / 987m 3 / 3eme Collet du Linge
0%
Aucun quiz correspondant
Distribution des résultats
% des personnes avec chaque résultat
Percentile par nombre de réponses
Votre historique - résultats
Vous n’avez pas pris ce quiz